LEADER 00883nam0-2200289 --450 001 9910284653703321 005 20180925115731.0 010 $a978-88-581-2634-9 100 $a20180925d2016----kmuy0itay5050 ba 101 0 $aita 102 $aIT 105 $a 001yy 200 1 $aStoria di un giorno in una cittą medievale$fArsenio e Chiara Frugoni 210 $aBari$aRoma$cGLF editori Laterza$d2016 215 $a212 p.$cill.$d22 cm 225 1 $aEconomica Laterza$v785 610 0 $aEuropa$aStoria sociale$aSec. 11.-12. 676 $a940.146$v22$zita 700 1$aFrugoni,$bArsenio$0162569 701 1$aFrugoni,$bChiara$011339 801 0$aIT$bUNINA$gREICAT$2UNIMARC 901 $aBK 912 $a9910284653703321 952 $aCOLLEZ. 1623 (785)$b2295/2018$fFSPBC 959 $aFSPBC 996 $aStoria di un giorno in una cittą medievale$9963456 997 $aUNINA LEADER 02502nam 2200577 a 450 001 9910481042403321 005 20170815152930.0 010 $a1-5063-2077-5 010 $a1-4522-3239-3 010 $a1-4522-6423-6 035 $a(CKB)2550000000105661 035 $a(EBL)996778 035 $a(OCoLC)809772631 035 $a(SSID)ssj0000704620 035 $a(PQKBManifestationID)12287420 035 $a(PQKBTitleCode)TC0000704620 035 $a(PQKBWorkID)10719276 035 $a(PQKB)10773769 035 $a(MiAaPQ)EBC996778 035 $a(OCoLC)1007858958 035 $a(StDuBDS)EDZ0000063642 035 $a(EXLCZ)992550000000105661 100 $a20120319d2005 fy| 0 101 0 $aeng 135 $aur|n|---||||| 181 $ctxt 182 $cc 183 $acr 200 00$aChildren's play$b[electronic resource] /$fW. George Scarlett ... [et al.] 210 $aThousand Oaks, [Calif.] ;$aLondon $cSAGE$dc2005 215 $a1 online resource (297 p.) 300 $aDescription based upon print version of record. 311 $a1-322-30648-6 311 $a0-7619-2999-1 320 $aIncludes bibliographical references (p. 247-268) and indexes. 327 $aCOVER; CONTENTS; PREFACE; 1: INTRODUCTION; PART I: The Development of Play From Infancy Through Late Childhood; 2 - THE EMERGENCE OF PLAY IN INFANCY AND THE TODDLER YEARS; 3 - PLAY IN EARLY CHILDHOOD; 4 - PLAY IN LATE CHILDHOOD; 5 - CHILDREN'S HUMOR; PART II: Revolutions in How Today's Children Play; 6 - ELECTRONIC PLAY; 7 - ORGANIZED YOUTH SPORTS; PART III: Major Settings for Children's Play; 8 - HOME AND OUTDOOR PLAY; 9 - SCHOOLING AND PLAY; PART IV: Therapeutic Uses of Play; 10 - RESTORATIVE PLAY IN STRESSFUL ENVIRONMENTS; 11 - PLAY THERAPY; WEB RESOURCES; REFERENCES; NAME INDEX 327 $aSUBJECT INDEXABOUT THE AUTHORS 330 8 $a'Children's Play' explores the many facets of play and how it develops from infancy through late childhood. The authors discuss major revolutions in the way the children of today engage in play, including changes in organised youth sports children's humour, and electronic play. 606 $aChild development 606 $aPlay 608 $aElectronic books. 615 0$aChild development. 615 0$aPlay. 676 $a649.5 701 $aScarlett$b W. George$01043647 801 0$bStDuBDS 801 1$bStDuBDS 906 $aBOOK 912 $a9910481042403321 996 $aChildren's play$92492515 997 $aUNINA